000 00459nam a2200181Ia 4500
001 4385
005 20260306145752.0
008 260306t2021||||xx |||||||||||||| ||spa||
041 _aESP
082 _a320.98505
_bZ37
100 _aZapata, Antonio
_eAUT
245 0 _aLucha política y crisis social en el Perú Republicano 1821-2021
260 _c2021
300 _a482 páginas :
_c20 cm.
650 _aGEN
654 _aCDE
942 _cLIB
_dJUS
_fJUS
_2ddc
_n
999 _c4385
_d4385